00000000nam 2200000za 4500
0019.675557
003CaOODSP
00520250109150551
007cr |||||||||||
008150407|2011||||xxc|||||o    f|0| 0 spa d
040 |aCaOODSP|beng
043 |an-cn---
0861 |aA15-11509/2011Spa-PDF|zA15-11509/2011Sp-PDF
1101 |aCanada. |bAgriculture and Agri-Food Canada.
24510|a[Canadian blueberries] : |h[electronic resource]|b[a true taste of nature].
2461 |aArándanos azules canadienses - un genuino sabor de la Naturaleza
250 |a[Spanish edition].
260 |aOttawa - Ontario : |bAgriculture and Agri-Food Canada |cc2011.
300 |a2p.|bphotographs
500 |aIssued also in English under title: Canadian blueberries: a true taste of nature.
546 |aText in Spanish.
590 |a11-42|b2011-10-21
69007|aAgri-food industry|2gcpds
77508|tCanadian blueberries : |w(CaOODSP)9.695111
792 |t[Bleuets canadiens] : |efre|w(CaOODSP)9.675558
85640|ahttp://publications.gc.ca|qPDF|s372 KB|uhttps://publications.gc.ca/collections/collection_2011/agr/A15-11509-2011-spa.pdf
986 |aAAFC No. 11509S